000 00735nam a2200253Ia 4500
003 OSt
005 20220926025847.0
006 a|||||r|||| 00| 0
007 ta
008 220923b |||||||| |||| 00| 0 eng d
037 _cGeneral Book
040 _aRTL
_cRTL
_beng
041 _2eng
_aeng
082 _aX:54:(B), L3
100 _aSamuelson Lee
_9333107
245 0 _aNew model of world trade and cyclical indicators f
260 _aParis
_bO F C D
_c1973
300 _a58p
_ccm.
490 _aO FO C D, economic outlook, occasional studies
650 _aAustralia
700 _a Granzer Randolf
_9333108
942 _hX:54:(B), L3
_cGB
_2CC
999 _c648141
_d648141